| 000 | 00724nam a2200265 i 4500 | ||
|---|---|---|---|
| 001 | 16038 | ||
| 003 | ES-MaACL | ||
| 005 | 20260212063011.0 | ||
| 007 | t| | ||
| 008 | 000619s1998 sp ||||0| spa j | ||
| 020 | _a84-350-0850-9 | ||
| 040 |
_aM-BN _bspa _cM-BN |
||
| 080 | _a821.133.1-31"19" | ||
| 100 |
_aKristof, Agota, _d1935-2011 _9235674 |
||
| 245 | 1 | 0 |
_aAyer / _cAgota Kristof ; [traducción de Manuel Pereira]. |
| 250 | _a1ª ed. | ||
| 260 |
_aBarcelona : _bEdhasa, _c1998. |
||
| 300 |
_a150 p. ; _c20 cm. |
||
| 490 | 1 | _aNovela | |
| 700 | 1 |
_aPereira, Manuel. _990474 |
|
| 830 | 0 |
_aNovela _9179893 |
|
| 852 |
_aES-MaACL _jL-23349 _bR.128414 |
||
| 999 |
_c16038 _d16038 |
||